Vers un espai de participació en les polítiques d'immigració
Descripción Física:
55 f. solts en un sobre ; 29 cm
Otros Autores:
S.O.S. Racisme
MARC
| LEADER | 00000nam a2200000Ia 4500 | ||
|---|---|---|---|
| 001 | 22481 | ||
| 008 | 160829s2003 xx 000 0 cat d | ||
| 080 | |a S-1-319 | ||
| 245 | |a Vers un espai de participació en les polítiques d'immigració | ||
| 260 | |a Barcelona : |b Diputació de Barcelona, SOS Racisme - Catalunya, |c 2003 | ||
| 300 | |a 55 f. solts en un sobre ; |c 29 cm | ||
| 590 | |a Bibliografia. | ||
| 590 | |a Prové de G-231 | ||
| 650 | |a Integració social |x Catalunya |9 22153 | ||
| 650 | 0 | |a Immigrants |z Catalunya |9 35556 | |
| 651 | 0 | |a Catalunya |x Emigració i immigració |9 53951 | |
| 700 | |a S.O.S. Racisme |9 47402 | ||
| 710 | 1 | |a Barcelona (Catalunya : Província). |b Diputació |9 52408 | |
| 901 | |a Arxiu | ||
| 942 | |n 1 | ||
| 952 | |0 0 |1 0 |4 0 |6 S1319 |7 1 |9 53870 |a Arxiu |b Arxiu |d 2016-12-01 |l 0 |o S-1-319 |p 22481 |r 2016-12-01 00:00:00 |w 2016-12-01 |y ARXIU | ||
| 999 | |c 57736 |d 57736 | ||